00811 a2200169 4500003000500000005001700005040000900022082001200031100003300043245008400076260003100160300001700191505037900208538002900587650001400616651001100630Nust20170207153219.0 cNust a621.382 aMaqbool, Muhammad (MSEE-8) aOptimization of peak to average power ratio in OFDM systemscMuhammad Maqbool  bMCS,NUSTc2004aRawalpindi axvi,130, p.; aIntroduction to Thesis (page-1) Evolution of OFDM and its various applications (page-5) Basics of multicarrier modulation OFDM (page-25) Peak to average power ratio (page-41) Study of existing papr solutions (page-53) Simulations and algorithmic details (page-63) Complete OFDM system simulations (page-67) Conclusion of Thesis and recommendations for future work (page-111) aAlmirah No 69 Shelf No 1 aPG Thesis aMSEE-8